|
|
|
|
| LEADER |
00000nab a2200000 a 4500 |
| 001 |
vtls010082788 |
| 003 |
SK-MaSNL |
| 005 |
20260303081351.0 |
| 008 |
100407c2010 xo wr 0 0slo |
| 038 |
|
|
|a SLLK
|
| 040 |
|
|
|a SLLK
|b slo
|c sllk
|e AACR2
|
| 041 |
|
|
|a slo
|
| 044 |
|
|
|a xo
|c SK
|
| 080 |
|
|
|a 352.9
|2 2001
|
| 245 |
0 |
0 |
|a S vedúcimi oddelení mestského úradu (6)
|b vedúci oddelenia právneho, organizačného a správneho: Matej Zamkovský
|c Foto: (mv)
|
| 300 |
|
|
|b Fotogr.
|
| 610 |
1 |
7 |
|a Stará Ľubovňa (Slovensko)
|b Mestský úrad
|b Oddelenie právne, organizačné a správne
|2 sllk
|9 1084489
|
| 648 |
|
7 |
|a 2010
|2 snkbucl
|9 324355
|
| 651 |
|
7 |
|a Stará Ľubovňa (Slovensko)
|2 sllk
|9 19193
|
| 700 |
1 |
|
|a Zamkovský, Matej
|4 ive
|4 aut
|9 1022854
|
| 773 |
0 |
|
|t Ľubovnianske noviny
|g Roč. XXXVI, č. 12 (2010), s. 2
|
| 999 |
|
|
|c 1784313
|d 1786243
|